Isla con sol

Furkejuvvon:
Bibliográfalaš dieđut
Váldodahkki: Perez, Emma
Materiálatiipa: Girji
Giella:Undetermined
Almmustuhtton: La Habana, Cuba Cultural 1945
Fáttát:
Fáddágilkorat: Lasit fáddágilkoriid
Eai fáddágilkorat, Lasit vuosttaš fáddágilkora!

MARC

LEADER 00000nam a2200000Ia 4500
008 170316s9999 xx 000 0 und d
040 |a cru BVZT 
090 |a 860 P-25i 
100 |a Perez, Emma 
245 |a Isla con sol 
260 |a La Habana, Cuba  |b Cultural  |c 1945 
300 |a 508 páginas 
650 |a LITERATURA LATINOAMERICANA 
999 |c 9087  |d 9087 
942 |c 15 D  |h 860 P-25i  |2 z